000 00342nam a2200109Ia 4500
008 200302s9999 xx 000 0 und d
100 _aCarl Steinitz & Other
245 _aAlternative Futures for Changing Landscapes the upeer san pedro river basin in arizona and sonora
260 _bIsland Press Publisher
260 _c2003
300 _a202P.,
999 _c5379
_d5379